000 00664cab a2200205 4500
001 ABS51550
008 090401t1994 xxu||||| |||| 00| 0 eng d
035 _a(Sirsi) u32984
041 _aeng
245 _a`Next step` agencies
260 _c1994
350 _a0
490 _aEstates Gazette
_v(9439) 1 October 1994, 132-133(2)
520 _aA `Mainly for students` article on the introduction, purpose and structure of executive agencies, with a note on the problems and inconsistencies the new system has created.
650 _aEXECUTIVE AGENCIES
650 _aNEXT STEP AGENCIES
690 _aECONOMIC AND SOCIAL
942 _n0
948 _c04/03/1997
999 _c22040
_d22040